[Event "Mind Sports Games - Rapid Ind"]
[Site "Pechino CINA"]
[Date "2008.10.06"]
[Round "6"]
[White "Zhang Zhong"]
[Black "Korobov, A."]
[Result "1-0"]
[WhiteElo "2649"]
[BlackElo "2605"]
[PlyCount "63"]
[EventDate "2008.10.05"]
[Source "www.chesslib.no"]
[SourceDate "2004.05.04"]

1. e4 e6 2. d4 d5 3. Nd2 Nf6 4. e5 Nfd7 5. Bd3 c5 6. c3 b6 7. Ndf3 Ba6 8. Bxa6 Nxa6 9. Nh3 Nc7 10. O-O c4 11. Nf4 b5 12. Nh5 a5 13. Bg5 Qb8 14. Nd2 Qb6 15. Qg4 h6 16. Bh4 Rh7 17. b3 Qc6 18. Qf3 Ra6 19. Rfc1 Be7 20. Bxe7 Kxe7 21. Rab1 Rb6 22. h4 Kf8 23. Nf4 Ke7 24. Nf1 Rh8 25. Qg3 Rg8 26. Ne3 g6 27. Ng4 h5 28. Nh6 Rh8 29. Qg5+ Kf8 30. Re1 cxb3 31. axb3 Ne8 32. Re3 1-0

[Event "Mind Sports Games - Rapid Ind"]
[Site "Pechino CINA"]
[Date "2008.10.05"]
[Round "3"]
[White "Balogh, C."]
[Black "Korobov, A."]
[Result "1/2-1/2"]
[WhiteElo "2616"]
[BlackElo "2605"]
[PlyCount "36"]
[EventDate "2008.10.05"]
[Source "www.chesslib.no"]
[SourceDate "2004.05.04"]

1. e4 e6 2. d4 d5 3. Nd2 Nf6 4. Bd3 c5 5. e5 Nfd7 6. c3 b6 7. Nh3 Ba6 8. Bxa6 Nxa6 9. O-O Nc7 10. Qg4 f5 11. exf6 Nxf6 12. Qg5 Bd6 13. Qxg7 Rg8 14. Qh6 Rg6 15. Qh4 Rg4 16. Qh6 Rg6 17. Qh4 Rg4 18. Qh6 Rg6 1/2-1/2

[Event "57th ch-RUS Qualifier"]
[Site "Tomsk"]
[Date "2004.05.25"]
[Round "3"]
[White "Inarkiev, Ernesto"]
[Black "Kiriakov, Petr"]
[Result "1-0"]
[WhiteElo "2595"]
[BlackElo "2568"]
[PlyCount "61"]
[EventDate "2004.05.23"]
[Source "Roberto Alvarez"]
[SourceDate "2004.05.31"]

1. e4 e6 2. d4 d5 3. Nd2 Nf6 4. e5 Nfd7 5. Bd3 c5 6. c3 b6 7. Ne2 Ba6 8. Bxa6 Nxa6 9. O-O Nc7 10. Nf3 Be7 11. Be3 b5 12. dxc5 Nxc5 13. Nf4 g6 14. Qe2 Qd7 15. h4 h5 16. g3 Ne4 17. Kg2 a6 18. Bd4 Nc5 19. Qe3 Qc6 20. Nh3 Kf8 21. Nfg5 Kg8 22. b3 Rf8 23. Rac1 Ne8 24. Qf3 Qc7 25. c4 dxc4 26. bxc4 b4 27. Nf4 Nd7 28. c5 Ng7 29. c6 Nb8 30. Bc5 Nf5 31. Bxe7 1-0

[Event "Hoogovens"]
[Site "Wijk aan Zee"]
[Date "1990.??.??"]
[Round "13"]
[White "Nijboer, Friso"]
[Black "Short, Nigel D"]
[Result "1-0"]
[WhiteElo "2485"]
[BlackElo "2635"]
[PlyCount "94"]
[EventDate "1990.01.??"]
[Source "ChessBase"]

1. e4 e6 2. d4 d5 3. Nd2 Nf6 4. e5 Nfd7 5. c3 c5 6. Bd3 b6 7. Qg4 Nc6 8. Bb5 Bb7 9. Nh3 a6 10. Be2 Qe7 11. O-O f5 12. exf6 Nxf6 13. Qh4 cxd4 14. cxd4 O-O-O 15. Nb3 h6 16. f4 Qd7 17. Be3 Bd6 18. Rfc1 Kb8 19. Qe1 Rc8 20. Nd2 Nb4 21. Rxc8+ Rxc8 22. Qf2 Ne4 23. Nxe4 dxe4 24. Bd1 Qb5 25. Qd2 Qd3 26. Qxd3 exd3 27. Bd2 Nc2 28. Rc1 Nxd4 29. Rxc8+ Kxc8 30. Kf1 Ne2 31. g3 Nd4 32. Nf2 Bf3 33. Bc3 Bxd1 34. Nxd1 e5 35. Nf2 Nf3 36. Kg2 Nxh2 37. fxe5 Bc5 38. Nxd3 Ng4 39. Kf3 h5 40. Nf4 Nh2+ 41. Kg2 Ng4 42. Nxh5 g5 43. Kf3 Nf2 44. Nf6 Nd1 45. Ne4 Nxc3 46. bxc3 Ba3 47. Kg4 Bb2 1-0

[Event "zt3.3, HeiBei CHN"]
[Site "?"]
[Date "2001.??.??"]
[Round "11"]
[White "Liang Jinrong"]
[Black "Zhang Zhong"]
[Result "1/2-1/2"]
[WhiteElo "2490"]
[BlackElo "2630"]
[PlyCount "30"]
[EventDate "2001.??.??"]
[Source "www.chesslib.no"]
[SourceDate "2004.05.04"]

1. e4 e6 2. d4 d5 3. Nd2 Nf6 4. e5 Nfd7 5. Bd3 c5 6. c3 b6 7. Ne2 Ba6 8. Bxa6 Nxa6 9. O-O Nc7 10. f4 f5 11. exf6 Nxf6 12. Nf3 Bd6 13. Ng3 O-O 14. Qe2 Qe8 15. Ne5 Rc8 1/2-1/2

[Event "National I"]
[Site "Drancy"]
[Date "2003.01.31"]
[Round "1"]
[White "Adams, Michael"]
[Black "Nguyen Chi Minh"]
[Result "1-0"]
[WhiteElo "2734"]
[BlackElo "2366"]
[PlyCount "69"]
[EventDate "2003.01.31"]
[Source "Roberto Alvarez"]
[SourceDate "2003.02.17"]

1. e4 e6 2. d4 d5 3. Nd2 Nf6 4. e5 Nfd7 5. c3 c5 6. Bd3 b6 7. Ne2 Ba6 8. Bxa6 Nxa6 9. Nf4 b5 10. O-O c4 11. Qg4 Nc7 12. a4 bxa4 13. Rxa4 a5 14. h4 Nb6 15. Ra1 g6 16. h5 a4 17. Qh3 g5 18. Ne2 Qd7 19. Nf3 h6 20. Nh2 Be7 21. f4 Qb5 22. fxg5 hxg5 23. h6 Qb3 24. Qh5 O-O-O 25. Bxg5 Bxg5 26. Qxg5 Qxb2 27. Qe3 Qc2 28. Rxf7 Qd3 29. Qxd3 cxd3 30. Nf4 Rxh6 31. Nxd3 Rdh8 32. Nf1 Nb5 33. Rb1 Rh1+ 34. Kf2 Nxc3 35. Rxb6 1-0

[Event "URS-ch sf"]
[Site "Tbilisi"]
[Date "1973.??.??"]
[Round "1"]
[White "Bronstein, David I"]
[Black "Bagirov, Vladimir"]
[Result "1-0"]
[WhiteElo "2570"]
[BlackElo "2520"]
[PlyCount "93"]
[EventDate "1973.??.??"]
[Source "ChessBase"]

1. e4 e6 2. d4 d5 3. Nd2 Nf6 4. e5 Nfd7 5. Bd3 c5 6. c3 b6 7. Qa4 a5 8. Ngf3 Ba6 9. Bxa6 Nxa6 10. O-O Nc7 11. c4 Be7 12. dxc5 bxc5 13. cxd5 exd5 14. Nb3 O-O 15. Nxa5 Nb6 16. Qb3 Rxa5 17. Qxb6 Qa8 18. Bg5 Bxg5 19. Qxc7 Bh6 20. a3 Rb8 21. Rab1 Rab5 22. Rbe1 Qb7 23. Qd6 Bf4 24. Rd1 c4 25. a4 Ra5 26. g3 Bh6 27. e6 fxe6 28. Qxe6+ Qf7 29. Qxf7+ Kxf7 30. Ne5+ Kg8 31. Nc6 Rba8 32. Nxa5 Rxa5 33. Rfe1 Bg5 34. Re5 Bf6 35. Rexd5 Rxa4 36. Rb5 h6 37. Kg2 Kf7 38. h4 Ke6 39. h5 Ra2 40. Rc1 Ra4 41. Rc5 Rb4 42. R5xc4 Rxb2 43. Kf3 Kd6 44. Rc6+ Kd7 45. Ke3 Bg5+ 46. f4 Bf6 47. Ke4 1-0

[Event "Porz Citroen-Cup"]
[Site "Porz GER"]
[Date "1993.??.??"]
[Round "5"]
[White "Kengis, Edvins"]
[Black "Budnikov, Alexandar"]
[Result "1-0"]
[WhiteElo "2555"]
[BlackElo "2535"]
[PlyCount "59"]
[EventDate "1993.??.??"]
[Source "www.chesslib.no"]
[SourceDate "2004.05.04"]

1. e4 e6 2. d4 d5 3. Nd2 Nf6 4. e5 Nfd7 5. c3 c5 6. Bd3 b6 7. Ne2 Ba6 8. Bxa6 Nxa6 9. O-O b5 10. a4 b4 11. c4 Nc7 12. Nf4 Nb6 13. dxc5 Bxc5 14. Qg4 g6 15. cxd5 Nbxd5 16. Ne4 Be7 17. Rd1 Qd7 18. Nxd5 exd5 19. Qg3 Ne6 20. Nd6+ Bxd6 21. Rxd5 Bxe5 22. Qxe5 f6 23. Qxf6 Qxd5 24. Qxh8+ Kf7 25. Qxh7+ Kf6 26. Be3 a5 27. h4 Rd8 28. Re1 Qd7 29. Qh6 Rg8 30. g4 1-0

[Event "Acropolis 2007"]
[Site "Athens"]
[Date "2007.08.17"]
[Round "4.7"]
[White "Banikas, Hristos"]
[Black "Barsov, Alexei"]
[Result "1/2-1/2"]
[WhiteElo "2567"]
[BlackElo "2517"]
[PlyCount "27"]
[EventDate "2007.08.14"]
[Source "www.chesslib.no"]
[SourceDate "2004.05.04"]

1. e4 e6 2. d4 d5 3. Nd2 Nf6 4. e5 Nfd7 5. c3 c5 6. Bd3 b6 7. Ne2 Ba6 8. Bxa6 Nxa6 9. f4 b5 10. O-O g6 11. g4 Qb6 12. Nf3 f5 13. exf6 Nxf6 14. Ne5 1/2-1/2

[Event "Sochi"]
[Site "?"]
[Date "1988.??.??"]
[Round "?"]
[White "Damljanovic Branko"]
[Black "Drasko Milan"]
[Result "1/2-1/2"]
[WhiteElo "2565"]
[BlackElo "2510"]
[PlyCount "21"]
[EventDate "1988.??.??"]
[Source "www.chesslib.no"]
[SourceDate "2004.05.04"]

1. e4 e6 2. d4 d5 3. Nd2 Nf6 4. e5 Nfd7 5. Bd3 c5 6. c3 b6 7. Nh3 Ba6 8. Bxa6 Nxa6 9. Nf4 b5 10. O-O Qb6 11. Nf3 1/2-1/2

[Event "TCh-AUT 1st Bundesliga 2007-8"]
[Site "Jenbach AUT"]
[Date "2008.01.10"]
[Round "4"]
[White "Horvath, Ta1"]
[Black "Socko, B."]
[Result "1/2-1/2"]
[WhiteElo "2430"]
[BlackElo "2635"]
[PlyCount "60"]
[EventDate "2008.01.10"]
[Source "www.chesslib.no"]
[SourceDate "2004.05.04"]

1. e4 e6 2. d4 d5 3. Nd2 Nf6 4. Bd3 c5 5. e5 Nfd7 6. c3 b6 7. Ne2 Ba6 8. Nf3 Bxd3 9. Qxd3 Be7 10. h4 Nc6 11. Bd2 Qc7 12. Nf4 Nf8 13. Kf1 h6 14. Rh3 O-O-O 15. Re1 Kb7 16. g4 Rc8 17. dxc5 Nd7 18. cxb6 axb6 19. Qe2 g5 20. hxg5 Bxg5 21. Nd3 Bxd2 22. Qxd2 Ra8 23. Rxh6 Rxh6 24. Qxh6 Rxa2 25. Qf4 Nc5 26. Nxc5+ bxc5 27. Re2 Ra1+ 28. Re1 Ra2 29. Re2 Ra1+ 30. Re1 Ra2 1/2-1/2

[Event "Mitropa Cup"]
[Site "Leipzig"]
[Date "2002.05.10"]
[Round "8.3"]
[White "Graf, Alexander"]
[Black "Priehoda, Vitezslav"]
[Result "1-0"]
[WhiteElo "2623"]
[BlackElo "2425"]
[PlyCount "67"]
[EventDate "2002.05.03"]
[Source "ChessBase"]
[SourceDate "2002.08.12"]

1. d4 e6 2. e4 d5 3. Nd2 Nf6 4. e5 Nfd7 5. Bd3 c5 6. c3 b6 7. f4 Ba6 8. Bb1 cxd4 9. cxd4 Nc6 10. Ndf3 Rc8 11. Ne2 f5 12. Ng5 Bb4+ 13. Kf2 Nf8 14. Be3 h6 15. Nf3 Ng6 16. h4 h5 17. Ng5 Nf8 18. Ng3 g6 19. Qa4 Bb7 20. Rc1 Be7 21. Bd3 Rc7 22. Rc3 Bxg5 23. fxg5 Nd7 24. Rac1 Ndb8 25. b4 a6 26. b5 axb5 27. Bxb5 O-O 28. Ne2 Qc8 29. Nf4 Kg7 30. R1c2 Rff7 31. Qa3 Nd8 32. Be8 Rxc3 33. Rxc3 Rc7 34. Nxg6 1-0

[Event "RUS-Cup07"]
[Site "Togliatty"]
[Date "2001.08.12"]
[Round "5"]
[White "Belozerov, Andrei"]
[Black "Nikitin, Andrey"]
[Result "1/2-1/2"]
[WhiteElo "2507"]
[BlackElo "2535"]
[PlyCount "127"]
[EventDate "2001.08.08"]
[Source "ChessBase"]
[SourceDate "2001.09.11"]

1. e4 e6 2. d4 d5 3. Nd2 Nf6 4. e5 Nfd7 5. Bd3 c5 6. c3 b6 7. Nh3 Ba6 8. Bxa6 Nxa6 9. O-O Nc7 10. Qg4 h5 11. Qg3 g6 12. Nf3 Be7 13. Bg5 c4 14. Rfe1 Kf8 15. Re3 Ne8 16. Nh4 Ng7 17. Qf4 Nf5 18. Nxf5 gxf5 19. Rg3 h4 20. Bxe7+ Qxe7 21. Rg5 Ke8 22. g4 hxg3 23. Qxg3 Kd8 24. Nf4 Kc8 25. Rg7 Nf8 26. b3 b5 27. bxc4 bxc4 28. Rb1 Rb8 29. Rxb8+ Kxb8 30. Rg8 Rxg8 31. Qxg8 Kb7 32. Nh5 Ka6 33. Nf6 Ka5 34. Qg5 Qa3 35. Qd2 Ng6 36. Kg2 f4 37. Kf3 Nh4+ 38. Kxf4 Qf8 39. Kg4 Nf5 40. Qg5 Ka4 41. Nxd5 Qa8 42. Ne3 Nxe3+ 43. Qxe3 Qg2+ 44. Kf4 Qxh2+ 45. Kg5 Qh8 46. Qe2 Qg7+ 47. Kf4 Qh6+ 48. Kg4 Qg6+ 49. Kf3 Qh5+ 50. Ke3 Qg5+ 51. f4 Qg3+ 52. Kd2 Qxf4+ 53. Kc2 Ka3 54. Qxc4 Qf2+ 55. Kd1 Qf3+ 56. Kd2 Qf4+ 57. Ke2 Qe4+ 58. Kf2 Qf4+ 59. Kg2 Qg4+ 60. Kf1 Qf3+ 61. Ke1 Qe3+ 62. Kd1 Qf3+ 63. Kd2 Qf4+ 64. Kd1 1/2-1/2

[Event "Santo Domingo"]
[Site "?"]
[Date "2006.11.02"]
[Round "5"]
[White "De La Paz Frank"]
[Black "Akobian Varuzhan"]
[Result "1-0"]
[WhiteElo "2442"]
[BlackElo "2598"]
[PlyCount "77"]
[EventDate "2006.??.??"]
[Source "www.chesslib.no"]
[SourceDate "2004.05.04"]

1. e4 e6 2. d4 d5 3. Nd2 Nf6 4. e5 Nfd7 5. c3 c5 6. Bd3 b6 7. Ne2 Ba6 8. Bxa6 Nxa6 9. a3 Nc7 10. O-O Be7 11. f4 g6 12. Nf3 h5 13. b4 a5 14. bxc5 bxc5 15. Qa4 Kf8 16. Rb1 Ra6 17. Rb7 Qc8 18. Qb3 c4 19. Qb2 a4 20. f5 gxf5 21. Bg5 Na8 22. Bxe7+ Kxe7 23. Qb5 Rb6 24. Rxb6 Naxb6 25. Qb4+ Ke8 26. Rb1 h4 27. Qd6 Qd8 28. h3 Nc8 29. Qc6 Ncb6 30. Nf4 Kf8 31. Nxe6+ fxe6 32. Qxe6 Qe7 33. Qxf5+ Qf7 34. Qg5 Rh5 35. Qd8+ Kg7 36. e6 Qxe6 37. Re1 Qf6 38. Re7+ Kh6 39. Qe8 1-0

[Event "UKR-ch"]
[Site "Ordzhonikidze"]
[Date "2001.09.09"]
[Round "2"]
[White "Vysochin, Spartak"]
[Black "Efimenko, Zahar"]
[Result "1-0"]
[WhiteElo "2542"]
[BlackElo "2495"]
[PlyCount "101"]
[EventDate "2001.09.08"]
[Source "ChessBase"]
[SourceDate "2001.02.01"]

1. e4 e6 2. d4 d5 3. Nd2 Nf6 4. Bd3 c5 5. e5 Nfd7 6. c3 b6 7. Ne2 Ba6 8. Bc2 cxd4 9. cxd4 Nc6 10. Nf3 Rc8 11. Be3 Bb4+ 12. Kf1 Be7 13. Kg1 O-O 14. h4 Nb4 15. Bb1 Bxe2 16. Qxe2 Qc7 17. Ne1 f5 18. a3 Nc6 19. Nd3 Rf7 20. Nf4 Nf8 21. Bd3 Qd8 22. b4 Bxh4 23. b5 Na5 24. Qh5 g6 25. Qxh4 Qxh4 26. Rxh4 g5 27. Nxe6 gxh4 28. Ng5 Rg7 29. Bxf5 Re8 30. Nf3 Ng6 31. Bg5 Rc7 32. Re1 Nc4 33. a4 Nf8 34. Bxh4 Ne6 35. Bf6 Nb2 36. Re3 Nxa4 37. Bxe6+ Rxe6 38. Ng5 Re8 39. Rg3 Kf8 40. Rf3 Kg8 41. Rg3 Kf8 42. f4 h6 43. Nf3 Nc3 44. Rg6 Rh7 45. f5 Nxb5 46. e6 Rc8 47. Ne5 Rcc7 48. Ng4 a5 49. Nxh6 Rhg7 50. Bxg7+ Rxg7 51. e7+ 1-0

[Event "CZE Team Ch 9495"]
[Site "Czech Republic"]
[Date "1995.??.??"]
[Round "7"]
[White "Hracek, Zbynek"]
[Black "Koutsin, Sergey"]
[Result "1/2-1/2"]
[WhiteElo "2595"]
[BlackElo "2435"]
[PlyCount "41"]
[EventDate "1994.??.??"]
[Source "www.chesslib.no"]
[SourceDate "2004.05.04"]

1. e4 e6 2. d4 d5 3. Nd2 Nf6 4. e5 Nfd7 5. Bd3 c5 6. c3 b6 7. Ne2 Ba6 8. Bxa6 Nxa6 9. Nf4 cxd4 10. cxd4 Nb4 11. O-O Rc8 12. Nf3 Be7 13. Bd2 Nc6 14. Qa4 O-O 15. b4 a6 16. b5 axb5 17. Qxb5 Na5 18. Bxa5 bxa5 19. Rab1 Rc4 20. Qa6 Nb8 21. Qb5 1/2-1/2

[Event "JUG-ch"]
[Site "Novi Sad"]
[Date "1995.??.??"]
[Round "?"]
[White "Popovic, Petar"]
[Black "Nikolic, Zivoslav"]
[Result "1-0"]
[WhiteElo "2545"]
[BlackElo "2480"]
[PlyCount "113"]
[EventDate "1995.02.??"]
[Source "ChessBase"]

1. e4 e6 2. d4 d5 3. Nd2 Nf6 4. e5 Nfd7 5. c3 c5 6. Bd3 b6 7. Ndf3 Ba6 8. Nh3 Bxd3 9. Qxd3 Nc6 10. O-O Be7 11. Be3 c4 12. Qc2 Qc7 13. b3 Na5 14. Nfg5 g6 15. f4 Nf8 16. Nf2 h6 17. Nf3 h5 18. Nh3 Rc8 19. Bd2 Qd7 20. Kh1 Rc7 21. g3 Kd8 22. Nhg5 Qe8 23. Kg2 Kc8 24. Rab1 Kb7 25. Qd1 Ka8 26. Qe2 Rc8 27. Ne1 Nd7 28. Nc2 Nb8 29. Ne3 Rc7 30. h3 Rc8 31. Qf3 Bxg5 32. fxg5 Rh7 33. Rf2 Qe7 34. h4 Qb7 35. Kh2 Rc7 36. Qe2 Rd7 37. Bc1 Qc6 38. Rg2 Rh8 39. Ba3 Rc8 40. b4 Nb7 41. b5 Qc7 42. Rf2 Qd8 43. g4 Qh8 44. Kh3 Qh7 45. Rf4 Rh8 46. gxh5 gxh5 47. Qc2 Qg8 48. Rbf1 Nd8 49. Kh2 a6 50. bxa6 Ra7 51. Bd6 Nbc6 52. Qa4 Qg6 53. Ng2 Qd3 54. R4f3 Qh7 55. Qb5 Rd7 56. Qxb6 Qc2 57. Rxf7 1-0

[Event "Rector Cup mas"]
[Site "Kharkiv UCR"]
[Date "2007.03.18"]
[Round "1"]
[White "Arzumanian, G."]
[Black "Korobov, A."]
[Result "1-0"]
[WhiteElo "2474"]
[BlackElo "2547"]
[PlyCount "93"]
[EventDate "2007.03.18"]
[Source "www.chesslib.no"]
[SourceDate "2004.05.04"]

1. e4 e6 2. d4 d5 3. Nd2 Nf6 4. e5 Nfd7 5. c3 c5 6. Bd3 b6 7. Nh3 Ba6 8. Bxa6 Nxa6 9. O-O Nc7 10. Qg4 f5 11. Qg3 Qe7 12. Nf3 Qf7 13. Nf4 Be7 14. c4 g5 15. Nxg5 Bxg5 16. Qxg5 Rg8 17. Qh6 dxc4 18. d5 Nf8 19. d6 Nd5 20. Rd1 O-O-O 21. b3 c3 22. Qh3 Nxf4 23. Bxf4 Qb7 24. f3 Ng6 25. Bg3 Qg7 26. f4 Qb7 27. Rf1 b5 28. Qh5 b4 29. a3 Rd7 30. Qe2 Kb8 31. Qc4 Rc8 32. Qxe6 c4 33. axb4 Nf8 34. Qxf5 cxb3 35. e6 Rxd6 36. Qe5 Qb6+ 37. Bf2 Ng6 38. Bxb6 Nxe5 39. Bxa7+ Kb7 40. fxe5 Rxe6 41. Bd4 b2 42. Ra7+ Kb8 43. Ra3 Rec6 44. Rb3 Rc4 45. Bxc3 Rxc3 46. Rxb2 Re3 47. Rf5 1-0

[Event "IV Campionato del Mediterraneo"]
[Site "Cannes FRA"]
[Date "2007.02.21"]
[Round "5"]
[White "Belkhodja, S."]
[Black "Apicella, M."]
[Result "1/2-1/2"]
[WhiteElo "2487"]
[BlackElo "2534"]
[PlyCount "43"]
[EventDate "2007.02.18"]
[Source "www.chesslib.no"]
[SourceDate "2004.05.04"]

1. e4 e6 2. d4 d5 3. Nd2 Nf6 4. e5 Nfd7 5. Bd3 c5 6. c3 b6 7. Nh3 Ba6 8. Bxa6 Nxa6 9. O-O Nc7 10. f4 g6 11. Nf3 h5 12. Be3 c4 13. Bf2 b5 14. Bh4 Be7 15. Nhg5 Nb6 16. Rf2 Qd7 17. Qc2 a5 18. h3 b4 19. g4 hxg4 20. hxg4 O-O-O 21. Rh2 Rdf8 22. Rf1 1/2-1/2

[Event "4. EU Ch.sf.1"]
[Site "IV EU Ch.sf.1"]
[Date "1991.??.??"]
[Round "?"]
[White "David, Gundula"]
[Black "Tolonen"]
[Result "1/2-1/2"]
[WhiteElo "2530"]
[BlackElo "2485"]
[PlyCount "43"]
[EventDate "1991.??.??"]
[Source "www.chesslib.no"]
[SourceDate "2004.05.04"]

1. e4 e6 2. d4 d5 3. Nd2 Nf6 4. e5 Nfd7 5. c3 c5 6. Bd3 b6 7. Ne2 Ba6 8. Bxa6 Nxa6 9. O-O Be7 10. Nf4 Nc7 11. Qg4 g6 12. Nf3 c4 13. h4 b5 14. h5 Nb6 15. Ne2 Rg8 16. hxg6 hxg6 17. g3 Rh8 18. Kg2 Kd7 19. Bd2 Qf8 20. Ng5 Qg7 21. Rh1 Raf8 22. Rae1 1/2-1/2

[Event "Clarin GP f"]
[Site "Villa Gisell"]
[Date "1998.03.14"]
[Round "8"]
[White "Sorokin, Maxim"]
[Black "Giaccio, Alfredo Gustavo"]
[Result "1-0"]
[WhiteElo "2555"]
[BlackElo "2460"]
[PlyCount "79"]
[EventDate "1998.03.07"]
[Source "ChessBase"]
[SourceDate "1998.06.15"]

1. e4 e6 2. d4 d5 3. Nd2 Nf6 4. e5 Nfd7 5. c3 c5 6. Bd3 b6 7. Nh3 Ba6 8. Bxa6 Nxa6 9. Nf4 b5 10. O-O Qb6 11. Nf3 cxd4 12. cxd4 Be7 13. Nd3 Nb4 14. Nxb4 Bxb4 15. Qd3 h6 16. Bd2 Be7 17. Rfc1 O-O 18. Rc2 Rfc8 19. Rac1 Rc4 20. b3 Rxc2 21. Qxc2 Bd8 22. Bb4 Qb7 23. Qc6 Qxc6 24. Rxc6 Nb6 25. Ba5 Kf8 26. Rc5 a6 27. Rc6 Rb8 28. Ne1 Ke8 29. Nd3 Rc8 30. Rd6 Bc7 31. Bxb6 Bxd6 32. exd6 Rc3 33. Ne1 Kd7 34. Bc7 e5 35. Kf1 exd4 36. Ke2 Rc1 37. a4 Rb1 38. Nd3 f6 39. Nc5+ Kc6 40. Bb8 1-0

[Event "Bor"]
[Site "Bor"]
[Date "1985.??.??"]
[Round "12"]
[White "Popovic, Petar"]
[Black "Nikolic, Zivoslav"]
[Result "1-0"]
[WhiteElo "2540"]
[BlackElo "2470"]
[PlyCount "79"]
[EventDate "1985.??.??"]
[Source "www.chesslib.no"]
[SourceDate "2004.05.04"]

1. e4 e6 2. d4 d5 3. Nd2 Nf6 4. e5 Nfd7 5. c3 c5 6. Bd3 b6 7. Nh3 Ba6 8. Bxa6 Nxa6 9. O-O Nc7 10. a4 a6 11. b3 b5 12. Nf4 c4 13. bxc4 bxc4 14. Qg4 g6 15. Nf3 Be7 16. h4 Nb8 17. Nh3 Nc6 18. Bh6 Kd7 19. Qf4 Qg8 20. Nhg5 Nd8 21. Nh2 Rb8 22. Rab1 Rxb1 23. Rxb1 Kc8 24. Ng4 Qe8 25. Bg7 Rg8 26. Nf6 Bxf6 27. Bxf6 Nb7 28. Nxh7 Qxa4 29. Bg5 Qc2 30. Rb6 Qf5 31. Qc1 Qd3 32. Qa3 Rh8 33. Nf6 Qd1+ 34. Kh2 Qc2 35. Qe7 Qxf2 36. Ng4 Qa2 37. Rc6 Qa5 38. Bf6 Rd8 39. Qxf7 Rd7 40. Qxe6 1-0

[Event "Minsk"]
[Site "Minsk"]
[Date "1996.??.??"]
[Round "5"]
[White "Lyrberg, Patrik"]
[Black "Kruppa, Yuri"]
[Result "1-0"]
[WhiteElo "2425"]
[BlackElo "2580"]
[PlyCount "83"]
[EventDate "1996.??.??"]
[Source "ChessBase"]

1. d4 e6 2. e4 d5 3. Nd2 Nf6 4. e5 Nfd7 5. Bd3 c5 6. c3 b6 7. Ngf3 Ba6 8. Bxa6 Nxa6 9. c4 dxc4 10. Nxc4 b5 11. Bg5 Qb8 12. Ne3 cxd4 13. Qxd4 h6 14. Bf4 Qb7 15. O-O Bc5 16. Qd2 O-O 17. Bxh6 Rfd8 18. Bg5 Rdc8 19. Ng4 Nf8 20. Qe2 Nh7 21. Bf4 Be7 22. Rac1 Nb4 23. a3 Nd5 24. Qe4 Rc4 25. Rxc4 bxc4 26. Bc1 Rc8 27. Ne3 c3 28. b4 Qd7 29. Nxd5 exd5 30. Qd3 Nf8 31. Rd1 Qa4 32. Nd4 Ne6 33. Nf5 Bf8 34. h4 a5 35. Qxd5 axb4 36. axb4 Qxb4 37. g3 Qg4 38. Nd6 Rb8 39. Kg2 c2 40. Re1 Rb1 41. Qf3 Qg6 42. h5 1-0

[Event "UKR-ch"]
[Site "Simferopol"]
[Date "1990.??.??"]
[Round "?"]
[White "Frolov, Artur"]
[Black "Moskalenko, Viktor"]
[Result "1-0"]
[WhiteElo "2485"]
[BlackElo "2515"]
[PlyCount "87"]
[EventDate "1990.??.??"]
[Source "ChessBase"]

1. e4 e6 2. d4 d5 3. Nd2 Nf6 4. e5 Nfd7 5. Bd3 c5 6. c3 b6 7. Ngf3 Ba6 8. Bxa6 Nxa6 9. O-O Be7 10. Qe2 Nc7 11. dxc5 bxc5 12. c4 O-O 13. Rd1 f6 14. cxd5 exd5 15. e6 Ne5 16. Nxe5 fxe5 17. Qxe5 Bd6 18. Qh5 Qf6 19. Nf3 Rae8 20. Bd2 Qxe6 21. Re1 Qf7 22. Qxf7+ Kxf7 23. Red1 Ne6 24. Rac1 Rc8 25. Rc3 Rfd8 26. Kf1 d4 27. Rc4 h6 28. Ne1 Bf4 29. Nd3 Bxd2 30. Rxd2 a5 31. Rdc2 Rd5 32. Ra4 Ra8 33. a3 Ke7 34. b4 cxb4 35. axb4 Nd8 36. Rc7+ Kf6 37. Nc5 Kg6 38. Rxa5 Rxa5 39. bxa5 d3 40. Ke1 Nf7 41. a6 d2+ 42. Kd1 Nd6 43. a7 Nb5 44. Ne6 1-0

[Event "GMA-Open"]
[Site "Belgrade SCG"]
[Date "1988.??.??"]
[Round "?"]
[White "Campora, Daniel H"]
[Black "Nikolic, Zivoslav"]
[Result "1/2-1/2"]
[WhiteElo "2540"]
[BlackElo "2455"]
[PlyCount "51"]
[EventDate "1988.12.??"]
[Source "www.chesslib.no"]
[SourceDate "2004.05.04"]

1. e4 e6 2. d4 d5 3. Nd2 Nf6 4. e5 Nfd7 5. Bd3 c5 6. c3 b6 7. Ne2 Ba6 8. Bxa6 Nxa6 9. O-O Nc7 10. f4 g6 11. Nf3 h5 12. g3 Be7 13. h3 Qc8 14. g4 hxg4 15. hxg4 Qa6 16. Kg2 O-O-O 17. Be3 Rh7 18. Ng3 Rdh8 19. Qd2 f5 20. gxf5 gxf5 21. a3 c4 22. Rh1 Rxh1 23. Nxh1 Nf8 24. Rg1 Qa4 25. Kf1 a5 26. Nf2 1/2-1/2

[Event "Vienna Open"]
[Site "Vienna AUT"]
[Date "1991.??.??"]
[Round "8"]
[White "Sermek, Drazen"]
[Black "Budnikov, Alexandar"]
[Result "1/2-1/2"]
[WhiteElo "2470"]
[BlackElo "2525"]
[PlyCount "192"]
[EventDate "1991.10.??"]
[Source "www.chesslib.no"]
[SourceDate "2004.05.04"]

1. e4 e6 2. d4 d5 3. Nd2 Nf6 4. e5 Nfd7 5. Bd3 c5 6. c3 b6 7. Nh3 Ba6 8. Bxa6 Nxa6 9. O-O b5 10. a4 b4 11. c4 Nb6 12. Qe2 Nc7 13. dxc5 Bxc5 14. cxd5 Ncxd5 15. Ne4 Be7 16. Qg4 Kf8 17. Bg5 Nc4 18. Qg3 h5 19. Rac1 h4 20. Qb3 Nxe5 21. f4 Ng4 22. f5 Qb8 23. Bf4 Nxf4 24. Rxf4 exf5 25. Nhg5 Qb6+ 26. Kh1 Qg6 27. Rc6 Nf6 28. Rxf5 Kg8 29. Rc7 Re8 30. Re5 Nxe4 31. Nxe4 h3 32. gxh3 Rh4 33. Qg3 Rxe4 34. Qxg6 Rxe5 35. Qg4 a5 36. Rc8 Bf6 37. b3 g6 38. Kg2 Kg7 39. Rxe8 Rxe8 40. Qc4 Re3 41. Qd5 Rc3 42. h4 Bxh4 43. Qxa5 Rxb3 44. Qd5 Rb2+ 45. Kh3 Bf6 46. a5 b3 47. a6 Ra2 48. Qxb3 Rxa6 49. Kg2 Rd6 50. Qe3 Rc6 51. Qe4 Rb6 52. Qd5 Rb2+ 53. Kg3 Re2 54. h3 Re5 55. Qd7 Re4 56. Qd5 Rd4 57. Qb5 Rd1 58. Kf3 Re1 59. Qd5 Re5 60. Qd7 Rg5 61. Qa7 Be5 62. Qe7 Rf5+ 63. Kg2 Bf6 64. Qd7 Bg5 65. Qd4+ Kh7 66. Qc3 Bh6 67. Qc4 Rg5+ 68. Kf3 Bg7 69. Kf4 Rg1 70. Kf3 Rd1 71. Ke2 Rd7 72. Kf3 f5 73. Qh4+ Bh6 74. Qf6 Ra7 75. Kg3 Ra3+ 76. Kg2 Ra4 77. Qe7+ Bg7 78. Kf3 Re4 79. Qg5 Bf8 80. Qf6 Be7 81. Qf7+ Kh6 82. Qe8 Bf6 83. Qf8+ Bg7 84. Qf7 Bd4 85. Qf8+ Kh5 86. Qf7 Kg5 87. Qh7 Re3+ 88. Kg2 Re2+ 89. Kf1 Re4 90. Kg2 Bc5 91. Qh8 Be7 92. Kg3 Bd6+ 93. Kg2 Be5 94. h4+ Kg4 95. Qh6 Re2+ 96. Kf1 Re4 1/2-1/2

[Event "Ubeda op"]
[Site "Ubeda"]
[Date "1996.??.??"]
[Round "?"]
[White "Akopian, Vladimir"]
[Black "Gonzales, J."]
[Result "1-0"]
[WhiteElo "2620"]
[BlackElo "2370"]
[PlyCount "43"]
[EventDate "1996.01.??"]
[Source "ChessBase"]

1. e4 e6 2. d4 d5 3. Nd2 Nf6 4. e5 Nfd7 5. c3 c5 6. Bd3 b6 7. Nh3 Ba6 8. Bxa6 Nxa6 9. O-O Nc7 10. Qg4 Qc8 11. Nf3 Qa6 12. Nf4 h6 13. Be3 g5 14. Nh5 Qd3 15. dxc5 bxc5 16. Rad1 Qg6 17. Nf6+ Nxf6 18. exf6 O-O-O 19. b4 c4 20. Ne5 Qxf6 21. Nc6 Bg7 22. Bd4 1-0